Animal production in Australia (Record no. 16115)

000 -LEADER
fixed length control field 00533cas a2200157 a 4500
040 ## - CATALOGING SOURCE
Transcribing agency KUK
082 ## - DEWEY DECIMAL CLASSIFICATION NUMBER
Classification number 636 PER 1980 1980 Or.
110 2# - MAIN ENTRY--CORPORATE NAME
Corporate name or jurisdiction name as entry element Australian Society of Animal Production.
245 10 - TITLE STATEMENT
Title Animal production in Australia
Remainder of title proceedings of the Australian Society of Animal Production ... Biennial Conference
246 17 - VARYING FORM OF TITLE
Title proper/short title Proc. Aust. Soc. Anim. Prod
260 ## - PUBLICATION, DISTRIBUTION, ETC. (IMPRINT)
Place of publication Sydney ;
-- New York :
Name of publisher Pergamon Press,
Year of publication 1980-
650 #0 - SUBJECT ADDED ENTRY--TOPICAL TERM
Topical Term Livestock
650 #0 - SUBJECT ADDED ENTRY--TOPICAL TERM
Topical Term Livestock
710 2# - ADDED ENTRY--CORPORATE NAME
Corporate name or jurisdiction name as entry element Australian Society of Animal Production
942 ## - ADDED ENTRY ELEMENTS (KOHA)
Koha item type សៀវភៅភាសាអង់គ្លេស
952 ## - LOCATION AND ITEM INFORMATION (KOHA)
Withdrawn status [LOCAL, KOHA] 0
Holdings
Permanent Location Date acquired Koha item type Lost status Shelving location Barcode Current Location Full call number
Library Block A2018-01-10សៀវភៅភាសាអង់គ្លេស A083A14859Library Block A636 PER 1980 1980 Or.
មជ្ឈមណ្ឌលឯការនៃសាកលវិទ្យាល័យភូមិន្ទកសិកម្មចំការដូង

Powered by Koha